000 00657nam a22002177a 4500
999 _c2030
_d2030
003 SLTCLib
008 260610b ce ||||| |||| 00| 0 eng d
020 _a9780323917506
041 _aEnglish
080 _a004.432.2
_bATT
100 _aAttaway, Stormy
_93583
245 _aMATLIB : A practical Introduction to Programming and problem solving
250 _a6th ed.
260 _aUnited Kingdom
_bButterworth- Heinemann
_c2023
300 _a570p.
650 0 _93132
_aProgramming languages
650 0 _92070
_aComputer science
650 0 _93582
_aMATLIB Programming
942 _2ddc
_cMRE
945 _a3725
_bIshara wickramage
_c3725
_dIshara wickramage